Proibito
Furkejuvvon:
| Váldodahkki: | |
|---|---|
| Materiálatiipa: | Girji |
| Giella: | itáliagiella |
| Almmustuhtton: |
Milán
Arnoldo Mondadori
2011
|
| Fáttát: | |
| Fáddágilkorat: |
Lasit fáddágilkoriid
Eai fáddágilkorat, Lasit vuosttaš fáddágilkora!
|
MARC
| LEADER | 00000cam a2200000 a 4500 | ||
|---|---|---|---|
| 001 | UCF8935 | ||
| 003 | CL-VaPUC | ||
| 008 | 131011e20110000it |||||||||||||||||ita|d | ||
| 020 | |a 9788804606314 | ||
| 082 | 0 | 4 | |a 823 |b SUZ |2 21 |
| 100 | 0 | |a Suzuma, Tabitha Victoria Anne |e author |9 571058 | |
| 245 | 1 | 0 | |a Proibito |
| 300 | |a 353 p | ||
| 942 | |c BK | ||
| 945 | |d 20131011 10:45:00 |a dcastane | ||
| 260 | |a Milán |b Arnoldo Mondadori |c 2011 | ||
| 650 | 0 | |a Novelas inglesas |9 265220 | |
| 650 | 0 | |a Literatura inglesa |9 312907 | |
| 583 | |a last modification |c 20131011 10:45:00 |k Rodrigo Vera | ||
| 999 | |c 353435 |d 353433 | ||
| 952 | |0 0 |1 0 |3 erb |4 0 |6 823_000000000000000_SUZ_2011 |7 0 |8 A |9 458652 |a BIBEDU |b BIBEDU |d 2019-11-23 |i 5017882 |l 2 |o 823 SUZ 2011 |p 5017882 |r 2025-04-14 |s 2025-04-09 |w 2019-11-23 |y BK |z Catalogado en:20131011 |k FIL | ||